Normal view
MARC view
- Heath F.R.G,Wedgwood
Entry Personal Name
001 - CONTROL NUMBER
- control field: 112730
003 - CONTROL NUMBER IDENTIFIER
- control field: NUST
005 - DATE AND TIME OF LATEST TRANSACTION
- control field: 20230529101108.0
008 - FIXED-LENGTH DATA ELEMENTS
- fixed length control field: 230529|| aca||aabn | a|a d
040 ## - CATALOGING SOURCE
- Original cataloging agency: NUST
- Transcribing agency: NUST
100 ## - HEADING--PERSONAL NAME
- Personal name: Heath F.R.G,Wedgwood
670 ## - SOURCE DATA FOUND
- Source citation: Work cat.: (NUST)186897: Heath F.R.G,Wedgwood, Some Stories of Wonder and Adventure
